Normal view
MARC view
- GATOS, HARRY C
Entry Personal Name
001 - CONTROL NUMBER
- control field: 58383
003 - CONTROL NUMBER IDENTIFIER
- control field: NUST
005 - DATE AND TIME OF LATEST TRANSACTION
- control field: 20210628202130.0
008 - FIXED-LENGTH DATA ELEMENTS
- fixed length control field: 210628|| aca||aabn | a|a d
040 ## - CATALOGING SOURCE
- Original cataloging agency: NUST
- Transcribing agency: NUST
100 ## - HEADING--PERSONAL NAME
- Personal name: GATOS, HARRY C
670 ## - SOURCE DATA FOUND
- Source citation: Work cat.: (NUST): GATOS, HARRY C, PROPERTIES OF ELEMENTAL AND COMPOUND SEMICONDUCTORS, 1960
